LEADER 00912nam a2200229 i 4500 001 000000134526 003 CaOOAMICUS 005 20050207000000.0 008 050207s1970 it u000 u ita u 013 $a107697 040 $aSeMil$bita 245 13$aIl segno nella liturgia. 260 $aPadova :$bGrafiche Messaggero di Sant'Antonio,$c1970. 300 $a160 p. ;$c22 cm. 490 0 $aLiturgica : nuova serie ;$v9 650 4$aLiturgia - Simboli.$0(OLS)http://semarc/subject/19385 830 0$aLiturgica. Nuova serie ;$v9.$0(OLS)http://semarc/title/22154 850 $aSeMil 852 $aSeMil$W1$xVenegono$y1$m598 398 9 *$j88259$B88259$CSeMilBibl$Z2$F92561 $81 961 $aRecupero: Biblioteca Seminario Seveso (fino al 1985) 996 $6245$aIl segno nella liturgia$9(OLS)http://semarc/title/196847 996 $6260$aPadova :$bGrafiche Messaggero di Sant'Antonio$9(OLS)http://semarc/publisher/36124 LEADER 00548naa a2200145 i 4500 001 000000300387 003 CaOOAMICUS 005 20180831172702.0 008 180831n xx u000 u und u 013 $a8067 040 $aSeMil$bita 100 1 $aAncona, Leonardo <1922-2008>.$0(OLS)http://semarc/name/17956 245 10$aMatrimonio :$bcambiamento e identità. 773 0 $tLegame matrimoniale tra crisi e speranza.$dMilano : Vita e Pensiero, 1989.$kApi$z88-343-3729-8$w()34608 996 $6245$aMatrimonio :$bcambiamento e identità$9(OLS)http://semarc/title/376397